| 000 | 00898cam a2200229Ki 4500 | ||
|---|---|---|---|
| 020 | _a9789086867554 (electronic bk.) | ||
| 020 | _a9086867553 (electronic bk.) | ||
| 040 | _cGW5XE | ||
| 082 | 0 | 4 | _a636 INT 1984 C153 Or. |
| 245 | 1 | 0 | _aForages and grazing in horse nutrition / |
| 300 |
_a1 online resource (511 pages) : _billustrations. |
||
| 490 | 1 | _aEAAP publication ; | |
| 500 | _aPapers presented in the scientific sessions of the 6th European Workshop on Equine Nutrition, held in Lisbon, from 20 to 22 June, 2012 | ||
| 650 | 0 | _aHorses | |
| 650 | 0 | _aHorses | |
| 700 | 1 | _aSaastamoinen, M. T. | |
| 710 | 2 | _aOhio Library and Information Network. | |
| 856 | 4 | 0 | _uhttp://rave.ohiolink.edu/ebooks/ebc/9789086867554 |
| 856 | 4 | 0 | _uhttp://dx.doi.org/10.3920/978-90-8686-755-4 |
| 856 | 4 | 0 | _uhttp://proxy.ohiolink.edu:9099/login?url=http://dx.doi.org/10.3920/978-90-8686-755-4 |
| 942 | _cAEDBB | ||
| 999 |
_c18890 _d18890 |
||